[Event "Kerkinitida 2021"]
[Site "Yevpatoria"]
[Date "2021.10.21"]
[Round "3.2"]
[White "Tomilova, Elena"]
[Black "Chos, Alexey"]
[Result "1-0"]
[WhiteElo "2256"]
[BlackElo "2296"]
[Annotator "ChessBase"]
[PlyCount "172"]
[EventDate "2021.10.19"]
[EventType "swiss"]
[SourceTitle "playchess.com"]
[Source "ChessBase"]
[SourceQuality "1"]
[TimeControl "5400+30"]

1. d4 {[%emt 0:00:03]} Nf6 {[%emt 0:08:42]} 2. Nf3 {[%emt 0:00:06]} g6 {[%emt 0:00:33]} 3. c4 {[%emt 0:00:15]} Bg7 {[%emt 0:00:05]} 4. e3 {[%emt 0:00:04]} O-O {[%emt 0:00:10]} 5. Be2 {[%emt 0:00:05]} d6 {[%emt 0:00:14]} 6. Nc3 {[%emt 0:00:05]} Nc6 {[%emt 0:00:51]} 7. d5 {[%emt 0:00:42]} Nb8 {[%emt 0:00:01]} 8. e4 {[%emt 0:01:39]} c5 {[%emt 0:00:30]} 9. h3 {[%emt 0:00:24]} e6 {[%emt 0:00:06]} 10. O-O {[%emt 0:00:22]} exd5 {[%emt 0:00:06]} 11. exd5 {[%emt 0:00:08]} Re8 {[%emt 0:01:04]} 12. Re1 {[%emt 0:00:17]} Ne4 {[%emt 0:01:00]} 13. Nxe4 {[%emt 0:02:35]} Rxe4 {[%emt 0:00:01]} 14. Bd3 {[%emt 0:00:11]} Rxe1+ {[%emt 0:00:11]} 15. Qxe1 {[%emt 0:00:10]} Na6 {[%emt 0:02:49]} 16. Bg5 {[%emt 0:06:34]} Bf6 {[%emt 0:00:16]} 17. Bxf6 {[%emt 0:04:00]} Qxf6 {[%emt 0:00:12]} 18. Qe8+ {[%emt 0:00:20]} Kg7 {[%emt 0:00:01]} 19. Re1 {[%emt 0:03:49]} Rb8 {[%emt 0:00:07]} 20. Qe7 {[%emt 0:08:36]} Qxe7 {[%emt 0:00:55]} 21. Rxe7 {[%emt 0:00:01]} Kf8 {[%emt 0:00:21]} 22. Re3 {[%emt 0:02:34]} Nb4 {[%emt 0:00:42]} 23. Bf1 {[%emt 0:04:19]} h6 {[%emt 0:04:22]} 24. a3 {[%emt 0:01:03]} Na6 {[%emt 0:00:44]} 25. g4 {[%emt 0:04:29]} Nc7 {[%emt 0:02:31]} 26. Nd2 {[%emt 0:04:07]} Bd7 {[%emt 0:00:12]} 27. Ne4 {[%emt 0:01:26]} Ne8 {[%emt 0:00:11]} 28. Be2 {[%emt 0:06:15]} b6 {[%emt 0:00:56]} 29. Kf1 {[%emt 0:02:51]} Rb7 {[%emt 0:00:52]} 30. Ke1 {[%emt 0:01:47]} Bc8 {[%emt 0:00:08]} 31. Bd1 {[%emt 0:00:28]} a6 {[%emt 0:01:52]} 32. a4 {[%emt 0:00:43]} Re7 {[%emt 0:00:30]} 33. Kd2 {[%emt 0:00:22]} f5 {[%emt 0:00:22]} 34. Ng3 {[%emt 0:02:19]} Rxe3 {[%emt 0:00:42]} 35. Kxe3 {[%emt 0:00:13]} Ng7 {[%emt 0:00:23]} 36. f4 {[%emt 0:02:57]} fxg4 {[%emt 0:02:10]} 37. hxg4 {[%emt 0:00:38]} Ke7 {[%emt 0:00:30]} 38. Be2 {[%emt 0:00:50]} Bd7 {[%emt 0:00:17]} 39. b3 {[%emt 0:00:19]} Kf7 {[%emt 0:01:19]} 40. Ne4 {[%emt 0:00:24]} Ne8 {[%emt 0:00:52]} 41. Bf3 {[%emt 0:02:10]} Ke7 {[%emt 0:00:25]} 42. Ng3 {[%emt 0:01:10]} Ng7 {[%emt 0:01:21]} 43. Be2 {[%emt 0:02:28]} Be8 {[%emt 0:00:23]} 44. f5 {[%emt 0:02:18]} gxf5 {[%emt 0:00:50]} 45. gxf5 {[%emt 0:00:08]} Bf7 {[%emt 0:01:42]} 46. Kf4 {[%emt 0:00:25]} Ne8 {[%emt 0:00:40]} 47. Bd1 {[%emt 0:03:11]} Nf6 {[%emt 0:00:11]} 48. Be2 {[%emt 0:00:27]} Bg8 {[%emt 0:01:17]} 49. Bf3 {[%emt 0:00:22]} Bh7 {[%emt 0:00:16]} 50. Be2 {[%emt 0:00:22]} Bg8 {[%emt 0:00:50]} 51. Bf3 {[%emt 0:00:10]} Bf7 {[%emt 0:00:10]} 52. Be2 {[%emt 0:00:16]} Be8 {[%emt 0:01:07]} 53. Bf3 {[%emt 0:00:18]} Bd7 {[%emt 0:00:06]} 54. Bg2 {[%emt 0:01:02]} b5 {[%emt 0:03:05]} 55. cxb5 {[%emt 0:08:31]} axb5 {[%emt 0:00:13]} 56. a5 {[%emt 0:00:03]} Bc8 {[%emt 0:00:03]} 57. Nf1 {[%emt 0:02:12]} Nd7 {[%emt 0:03:14]} 58. Ng3 {[%emt 0:01:33]} Bb7 {[%emt 0:01:16]} 59. Nf1 {[%emt 0:06:46]} Ne5 {[%emt 0:00:36]} 60. Be4 {[%emt 0:01:59]} b4 {[%emt 0:02:01]} 61. Ng3 {[%emt 0:01:47]} Ba6 {[%emt 0:00:49]} 62. Bc2 {[%emt 0:02:12]} c4 {[%emt 0:01:17]} 63. Ne4 {[%emt 0:00:56]} Nd7 {[%emt 0:00:37]} 64. bxc4 {[%emt 0:01:28]} Bxc4 {[%emt 0:00:02]} 65. Ba4 {[%emt 0:00:14]} Nf6 {[%emt 0:01:03]} 66. Nxf6 {[%emt 0:04:47]} Kxf6 {[%emt 0:00:03]} 67. Ke4 {[%emt 0:00:07]} h5 {[%emt 0:00:58]} 68. Kd4 {[%emt 0:00:12]} Ba6 {[%emt 0:00:09]} 69. Bd1 {[%emt 0:01:17]} h4 {[%emt 0:01:03]} 70. Bg4 {[%emt 0:00:02]} Kg5 {[%emt 0:00:45]} 71. Bh3 {[%emt 0:00:22]} Be2 {[%emt 0:01:31]} 72. Ke3 {[%emt 0:00:27]} b3 {[%emt 0:00:54]} 73. Kd2 {[%emt 0:00:33]} Bc4 {[%emt 0:00:12]} 74. f6 {[%emt 0:02:45]} Kxf6 {[%emt 0:00:11]} 75. Bc8 {[%emt 0:00:10]} Ke5 {[%emt 0:01:30]} 76. a6 {[%emt 0:01:40]} h3 {[%emt 0:01:10]} 77. Bxh3 {[%emt 0:00:43]} Bxa6 {[%emt 0:00:03]} 78. Kc3 {[%emt 0:00:52]} Bc4 {[%emt 0:00:04]} 79. Bg2 {[%emt 0:01:14]} Bxd5 {[%emt 0:00:29]} 80. Bf1 {[%emt 0:00:09]} Be6 {[%emt 0:00:15]} 81. Bd3 {[%emt 0:00:12]} Kf4 {[%emt 0:00:09]} 82. Bh7 {[%emt 0:00:33]} Bf5 {[%emt 0:02:02]} 83. Bg8 {[%emt 0:00:12]} Bc2 {[%emt 0:00:06]} 84. Kd4 {[%emt 0:00:01]} b2 {[%emt 0:01:43]} 85. Ba2 {[%emt 0:00:35]} Be4 {[%emt 0:00:03]} 86. Kc3 {[%emt 0:00:15]} b1=Q {[%emt 0:00:07]} 1-0

[Event "Kerkinitida 2021"]
[Site "Yevpatoria"]
[Date "2021.10.21"]
[Round "3.3"]
[White "Demidov, Mikhail"]
[Black "Kryakvin, Dmitry"]
[Result "1/2-1/2"]
[WhiteElo "2551"]
[BlackElo "2570"]
[Annotator "TA"]
[PlyCount "19"]
[EventDate "2021.10.19"]
[EventType "swiss"]
[SourceTitle "playchess.com"]
[Source "ChessBase"]
[SourceQuality "1"]

{[%evp 18,19,18,0]} 1. d4 d5 2. c4 c6 3. cxd5 cxd5 4. Nf3 Nf6 5. Nc3 Nc6 6. Bf4 {[#]} Nh5 $146 ({Predecessor:} 6... a6 7. e3 Bg4 8. h3 Bxf3 9. Qxf3 e6 10. Bd3 Bd6 11. Bg5 Be7 12. Bxf6 Bxf6 13. O-O O-O 14. Rac1 g6 15. a3 h5 16. Rfd1 Kg7 17. Na4 Qd6 18. Nc5 Rab8 19. b4 {½-½ (43) Firouzja,A (2759)-Giri,A (2776) Chess24.com INT 2021}) 7. Bd2 (7. Be5 e6 8. e3 Be7 9. Bd3 O-O 10. h3 Qb6 11. Qb1 g6 12. Bh2 Bd7 13. O-O Rfc8 14. Rc1 Nf6 15. Na4 Qd8 16. Nc5 Nb4 17. Bf1 {1-0 (87) Demidov,M (2520)-Kryakvin,D (2588) Khanty-Mansiysk 2018}) 7... Nf6 8. Bf4 Nh5 9. Bd2 Nf6 10. Bf4 1/2-1/2

[Event "Kerkinitida 2021"]
[Site "Yevpatoria"]
[Date "2021.10.21"]
[Round "3.4"]
[White "Polukhin, Sergey"]
[Black "Polukhin, Alexander"]
[Result "1/2-1/2"]
[WhiteElo "1410"]
[BlackElo "2152"]
[Annotator "ChessBase"]
[PlyCount "66"]
[EventDate "2021.10.19"]
[EventType "swiss"]
[SourceTitle "playchess.com"]
[Source "ChessBase"]
[SourceQuality "1"]
[TimeControl "5400+30"]

1. e4 {[%emt 0:00:03]} c5 {[%emt 0:00:06]} 2. f4 {[%emt 0:00:06]} Nc6 {[%emt 0:00:05]} 3. Bb5 {[%emt 0:00:17]} e6 {[%emt 0:00:11]} 4. Nf3 {[%emt 0:00:27]} Nge7 {[%emt 0:00:06]} 5. O-O {[%emt 0:00:39]} a6 {[%emt 0:00:04]} 6. Be2 {[%emt 0:00:06]} d5 {[%emt 0:00:05]} 7. d3 {[%emt 0:02:11]} g6 {[%emt 0:00:07]} 8. c3 {[%emt 0:02:32]} Bg7 {[%emt 0:00:06]} 9. Na3 {[%emt 0:03:47]} O-O {[%emt 0:00:25]} 10. Qe1 {[%emt 0:07:32]} b5 {[%emt 0:00:38]} 11. Nc2 {[%emt 0:02:38]} Bb7 {[%emt 0:00:11]} 12. Qf2 {[%emt 0:06:10]} d4 {[%emt 0:05:04]} 13. cxd4 {[%emt 0:04:17]} Nxd4 {[%emt 0:02:41]} 14. Ncxd4 {[%emt 0:03:13]} cxd4 {[%emt 0:00:13]} 15. e5 {[%emt 0:04:29]} Nc6 {[%emt 0:04:33]} 16. Ng5 {[%emt 0:06:56]} Qe7 {[%emt 0:10:46]} 17. Ne4 {[%emt 0:08:48]} Rad8 {[%emt 0:04:02]} 18. Bd2 {[%emt 0:02:25]} Ba8 {[%emt 0:17:12]} 19. Rac1 {[%emt 0:05:21]} Rc8 {[%emt 0:08:53]} 20. a3 {[%emt 0:04:49]} Rb8 {[%emt 0:10:33]} 21. Bf3 {[%emt 0:06:36]} Rb6 {[%emt 0:04:44]} 22. Nd6 {[%emt 0:14:24]} Qd7 {[%emt 0:11:06]} 23. Bxc6 {[%emt 0:02:39]} Rxc6 {[%emt 0:00:15]} 24. Qxd4 {[%emt 0:00:08]} Rd8 {[%emt 0:03:11]} 25. Ba5 {[%emt 0:01:17]} Rdc8 {[%emt 0:04:27]} 26. Rxc6 {[%emt 0:03:10]} Rxc6 {[%emt 0:00:30]} 27. Bb4 {[%emt 0:03:08]} Rc2 {[%emt 0:00:50]} 28. Rf2 {[%emt 0:01:27]} Rc1+ {[%emt 0:02:19]} 29. Rf1 {[%emt 0:00:06]} Rc2 {[%emt 0:00:46]} 30. Rf2 {[%emt 0:00:18]} Rc1+ {[%emt 0:00:40]} 31. Rf1 {[%emt 0:00:10]} Rc2 {[%emt 0:00:12]} 32. Rf2 {[%emt 0:00:03]} Rc1+ {[%emt 0:00:07]} 33. Rf1 {[%emt 0:00:06]} Rc2 {[%emt 0:00:19]} 1/2-1/2

[Event "Kerkinitida 2021"]
[Site "Yevpatoria"]
[Date "2021.10.21"]
[Round "3.5"]
[White "Baranov, Jury"]
[Black "Tihonov, Gennady"]
[Result "1-0"]
[WhiteElo "2147"]
[BlackElo "1827"]
[Annotator "ChessBase"]
[PlyCount "113"]
[EventDate "2021.10.19"]
[EventType "swiss"]
[SourceTitle "playchess.com"]
[Source "ChessBase"]
[SourceQuality "1"]
[TimeControl "5400+30"]

1. d4 {[%emt 0:00:50]} d5 {[%emt 0:00:07]} 2. Bf4 {[%emt 0:00:21]} Nf6 {[%emt 0:00:19]} 3. e3 {[%emt 0:00:11]} c5 {[%emt 0:01:03]} 4. Nf3 {[%emt 0:00:48]} Qb6 {[%emt 0:00:11]} 5. Nc3 {[%emt 0:03:18]} Bd7 {[%emt 0:00:14]} 6. Rb1 {[%emt 0:10:51]} e6 {[%emt 0:01:00]} 7. Be2 {[%emt 0:02:30]} Na6 {[%emt 0:04:40]} 8. Ne5 {[%emt 0:01:47]} Nc7 {[%emt 0:09:33]} 9. O-O {[%emt 0:01:59]} Be7 {[%emt 0:00:46]} 10. dxc5 {[%emt 0:07:11]} Qxc5 {[%emt 0:01:40]} 11. Qd4 {[%emt 0:04:31]} Qxd4 {[%emt 0:01:53]} 12. exd4 {[%emt 0:00:02]} Rc8 {[%emt 0:02:12]} 13. Rbc1 {[%emt 0:04:24]} O-O {[%emt 0:01:43]} 14. Nxd7 {[%emt 0:03:05]} Nxd7 {[%emt 0:00:06]} 15. Nb5 {[%emt 0:03:36]} Nxb5 {[%emt 0:00:25]} 16. Bxb5 {[%emt 0:00:00]} Nb6 {[%emt 0:02:24]} 17. Bd3 {[%emt 0:00:09]} Rfd8 {[%emt 0:03:48]} 18. b3 {[%emt 0:09:05]} h6 {[%emt 0:06:40]} 19. Bd2 {[%emt 0:02:22]} Bf6 {[%emt 0:00:46]} 20. c3 {[%emt 0:00:20]} Bg5 {[%emt 0:06:55]} 21. f4 {[%emt 0:00:21]} Bf6 {[%emt 0:00:37]} 22. Rce1 {[%emt 0:00:37]} Nd7 {[%emt 0:03:46]} 23. g4 {[%emt 0:01:25]} g5 {[%emt 0:02:08]} 24. Rf3 {[%emt 0:11:51]} Kg7 {[%emt 0:01:09]} 25. Bb5 {[%emt 0:03:32]} a6 {[%emt 0:13:02]} 26. Bxd7 {[%emt 0:01:07]} Rxd7 {[%emt 0:00:01]} 27. f5 {[%emt 0:00:15]} Re7 {[%emt 0:01:50]} 28. fxe6 {[%emt 0:03:16]} Rxe6 {[%emt 0:01:37]} 29. Kf1 {[%emt 0:02:32]} Kg6 {[%emt 0:05:10]} 30. h3 {[%emt 0:04:45]} Rce8 {[%emt 0:02:49]} 31. Rxe6 {[%emt 0:04:20]} fxe6 {[%emt 0:01:10]} 32. Ke2 {[%emt 0:00:45]} Rh8 {[%emt 0:01:51]} 33. Kd3 {[%emt 0:02:21]} h5 {[%emt 0:00:32]} 34. gxh5+ {[%emt 0:03:09]} Rxh5 {[%emt 0:00:06]} 35. c4 {[%emt 0:02:34]} Rh4 {[%emt 0:00:42]} 36. Be3 {[%emt 0:00:16]} g4 {[%emt 0:01:17]} 37. hxg4 {[%emt 0:00:51]} Rxg4 {[%emt 0:00:03]} 38. c5 {[%emt 0:00:42]} Kf7 {[%emt 0:04:15]} 39. b4 {[%emt 0:00:42]} Rg2 {[%emt 0:00:53]} 40. Bf2 {[%emt 0:00:16]} Ke7 {[%emt 0:00:43]} 41. a4 {[%emt 0:00:21]} Rh2 {[%emt 0:01:26]} 42. b5 {[%emt 0:00:44]} axb5 {[%emt 0:01:33]} 43. axb5 {[%emt 0:00:01]} Bh4 {[%emt 0:01:20]} 44. Be3 {[%emt 0:01:58]} Rb2 {[%emt 0:02:19]} 45. Rh3 {[%emt 0:00:48]} Bf6 {[%emt 0:03:30]} 46. Rh7+ {[%emt 0:00:20]} Kd8 {[%emt 0:00:15]} 47. Rxb7 {[%emt 0:00:32]} Rb3+ {[%emt 0:00:16]} 48. Kd2 {[%emt 0:00:48]} Rb4 {[%emt 0:00:21]} 49. Kc3 {[%emt 0:01:01]} Rc4+ {[%emt 0:01:03]} 50. Kd3 {[%emt 0:00:01]} e5 {[%emt 0:00:20]} 51. dxe5 {[%emt 0:00:24]} Bxe5 {[%emt 0:00:10]} 52. c6 {[%emt 0:00:13]} Rc3+ {[%emt 0:00:35]} 53. Kd2 {[%emt 0:00:14]} d4 {[%emt 0:02:36]} 54. Bg5+ {[%emt 0:02:30]} Kc8 {[%emt 0:01:22]} 55. Re7 {[%emt 0:01:04]} Rc5 {[%emt 0:02:24]} 56. Re8+ {[%emt 0:00:15]} Kc7 {[%emt 0:00:18]} 57. Rxe5 {[%emt 0:00:06]} 1-0

[Event "Kerkinitida 2021"]
[Site "Yevpatoria"]
[Date "2021.10.21"]
[Round "3.6"]
[White "Brusilovskiy, Boris"]
[Black "Iljin, Viktor"]
[Result "1-0"]
[WhiteElo "2067"]
[BlackElo "1066"]
[Annotator "NA"]
[PlyCount "116"]
[EventDate "2021.10.19"]
[EventType "swiss"]
[SourceTitle "playchess.com"]
[Source "ChessBase"]
[SourceQuality "1"]
[TimeControl "5400+30"]

{[%evp 8,116,94,87,165,104,106,107,32767,105,32767,93,143,122,139,144,142,141,139,140,149,143,199,188,183,160,169,32767,32767,32767,32767,32767,32767,0,170,32767,205,199,32767,203,32767,32767,32767,32767,32767,32767,32767,32767,32767,32767,32767,32767,867,247,466,32767,82,20,34,4,153,160,176,32767,474,32767,787,962,1011,32767,371,422,348,536,417,512,624,674,633,689,777,877,768,1147,1032,1020,937,1369,1441,2147,5214,29974,29965,29968,29973,32767,32767,32767,32767,32767,32767,29986,29982,32767,29989,29987,29987,29987,29992,32767,29998]} 1. e4 {[%emt 0:00:04]} d6 {[%emt 0:00:15]} 2. d4 {[%emt 0:00:21]} Nd7 {[%emt 0:00:19]} 3. Nf3 {[%emt 0:00:28]} c5 {[%emt 0:00:17]} 4. c3 {[%emt 0:00:48]} g6 {[%emt 0:00:52]} 5. Bc4 {[%emt 0:00:44]} Nb6 {[%emt 0:00:44]} (5... e6 $16 {was worth a try.}) 6. Bb3 {[%emt 0:01:06]} c4 {[%emt 0:00:52]} 7. Bc2 {[%emt 0:00:22] Decoy} Bg7 {[%emt 0:00:23]} 8. a4 {[%emt 0:01:51]} a5 {[%emt 0:00:36]} 9. O-O {[%emt 0:01:02]} Bg4 {[%emt 0:00:28]} 10. h3 {[%emt 0:00:44]} Bxf3 {[%emt 0:00:17]} 11. Qxf3 {[%emt 0:00:11]} ({Don't play} 11. gxf3 $6 Qd7 $11) 11... Nf6 {[%emt 0:00:31]} 12. Bf4 {[%emt 0:04:34]} O-O {[%emt 0:00:49]} 13. Na3 {[%emt 0:01:24]} d5 {[%emt 0:00:55] [#]} 14. e5 $1 {[%emt 0:03:57]} Nfd7 {[%emt 0:00:07]} 15. Nb5 {[%emt 0:01:39]} e6 {[%emt 0:02:02]} 16. Qe3 {[%emt 0:00:55]} Nc8 {[%emt 0:01:26]} 17. h4 {[%emt 0:03:24]} Qb6 {[%emt 0:01:32]} 18. Rfb1 {[%emt 0:04:03]} Na7 {[%emt 0:00:35]} 19. Nd6 {[%emt 0:01:17]} Nc8 {[%emt 0:00:28] [#]} 20. Nb5 $2 {[%emt 0:04:27]} ({White must play} 20. Nxc8 $1 $18 Rfxc8 21. h5) 20... Na7 $1 {[%emt 0:01:29]} 21. Nxa7 {[%emt 0:09:15]} Qxa7 {[%emt 0:00:26]} 22. h5 {[%emt 0:00:19]} Rfe8 {[%emt 0:00:43]} 23. g4 {[%emt 0:01:22]} b6 {[%emt 0:00:20]} 24. Kg2 {[%emt 0:00:27]} Kf8 {[%emt 0:09:29]} 25. Rh1 {[%emt 0:07:52]} Kg8 {[%emt 0:06:43]} 26. Bh6 {[%emt 0:03:23]} Nf8 {[%emt 0:02:39]} 27. Rh3 {[%emt 0:07:31]} Qc7 {[%emt 0:01:36]} 28. Rah1 {[%emt 0:00:48]} Ra7 {[%emt 0:00:22]} 29. Bxg7 {[%emt 0:05:44]} Kxg7 {[%emt 0:00:20]} 30. Qf4 $2 {[%emt 0:14:32]} (30. hxg6 fxg6 {[#]} 31. Bxg6 $1 {[%mdl 512]} Kxg6 32. Qh6+ Kf7 33. Qg5) 30... Qe7 $2 {[%emt 0:05:56]} (30... Qd8 31. hxg6 fxg6) 31. g5 {[%emt 0:00:29]} Kg8 {[%emt 0:03:24]} 32. Qh4 {[%emt 0:03:47]} (32. Qd2 $16) 32... Rb8 $1 {[%emt 0:03:25]} 33. Rf3 {[%emt 0:01:34]} Rbb7 $2 {[%emt 0:05:50]} (33... b5 $1 $11) 34. Rf6 {[%emt 0:00:30]} Qe8 {[%emt 0:00:16]} 35. Rh3 {[%emt 0:00:53]} Rc7 $2 {[%emt 0:01:01]} (35... Ra8 36. Rhf3 Qe7) 36. Rhf3 {[%emt 0:00:47]} Rab7 {[%emt 0:01:26]} 37. hxg6 {[%emt 0:00:48]} Nxg6 {[%emt 0:01:17]} 38. Qh6 {[%emt 0:03:04]} Qf8 {[%emt 0:02:17]} 39. Bxg6 {[%emt 0:01:01] Pin} Qxh6 {[%emt 0:01:16] [#]} 40. Bxf7+ $1 {[%emt 0:00:12]} Rxf7 {[%emt 0:00:17]} 41. gxh6 {[%emt 0:01:45]} Kf8 {[%emt 0:00:42]} 42. Rxe6 {[%emt 0:00:33]} Rxf3 {[%emt 0:00:53]} 43. Kxf3 {[%emt 0:00:05]} Kf7 {[%emt 0:00:41]} 44. Rd6 {[%emt 0:00:24]} b5 {[%emt 0:00:12]} 45. Rxd5 {[%emt 0:00:22]} bxa4 {[%emt 0:00:27]} 46. Rxa5 {[%emt 0:00:13]} Rxb2 {[%emt 0:00:06]} 47. Rxa4 {[%emt 0:00:13]} Kg6 {[%emt 0:00:10]} 48. Rxc4 {[%emt 0:00:35]} Kxh6 {[%emt 0:00:11]} 49. d5 {[%emt 0:00:14]} Kg6 {[%emt 0:00:13]} 50. d6 {[%emt 0:00:31]} Kf7 {[%emt 0:00:14]} 51. d7 {[%emt 0:01:59]} Ke7 {[%emt 0:00:17]} 52. Rd4 {[%emt 0:00:18]} Kd8 {[%emt 0:00:34]} 53. e6 {[%emt 0:00:24]} Rb8 {[%emt 0:00:05]} 54. Kg4 {[%emt 0:00:43]} Ke7 {[%emt 0:00:08]} 55. f4 {[%emt 0:00:34]} Rg8+ {[%emt 0:00:08]} 56. Kh5 {[%emt 0:00:25]} Kd8 {[%emt 0:00:19]} 57. f5 {[%emt 0:00:32]} Rf8 {[%emt 0:00:43]} 58. f6 {[%emt 0:00:35]} Rh8 {[%emt 0:00:54]} 1-0

[Event "Kerkinitida 2021"]
[Site "Yevpatoria"]
[Date "2021.10.21"]
[Round "3.7"]
[White "Grinivetskii, Mark"]
[Black "Samson, Anna Rao. T"]
[Result "1-0"]
[WhiteElo "1350"]
[BlackElo "1573"]
[Annotator "NA"]
[PlyCount "103"]
[EventDate "2021.10.19"]
[EventType "swiss"]
[SourceTitle "playchess.com"]
[Source "ChessBase"]
[SourceQuality "1"]
[TimeControl "5400+30"]

1. e4 {[%emt 0:00:02]} e5 {[%emt 0:00:04]} 2. Nf3 {[%emt 0:00:02]} Nc6 {[%emt 0:00:05]} 3. Bc4 {[%emt 0:00:05]} h6 {[%emt 0:00:32]} 4. O-O {[%emt 0:00:07]} Nf6 {[%emt 0:00:04]} 5. d3 {[%emt 0:00:08]} Bc5 {[%emt 0:00:24]} 6. Nc3 {[%emt 0:00:08]} d6 {[%emt 0:00:32]} 7. h3 {[%emt 0:00:12]} O-O {[%emt 0:01:34]} 8. Be3 {[%emt 0:00:06]} b6 {[%emt 0:01:01]} 9. a3 {[%emt 0:00:28]} Nd4 {[%emt 0:02:00]} 10. Bxd4 {[%emt 0:01:02]} Bxd4 {[%emt 0:00:13]} 11. Nxd4 {[%emt 0:00:25]} exd4 {[%emt 0:00:10]} 12. Nd5 {[%emt 0:00:41]} Nxd5 {[%emt 0:01:04]} 13. Bxd5 {[%emt 0:00:09]} Qg5 {[%emt 0:00:09]} 14. Bxa8 {[%emt 0:00:25]} Bxh3 {[%emt 0:00:25]} 15. Qf3 {[%emt 0:00:13]} Bg4 {[%emt 0:00:57]} 16. Qg3 {[%emt 0:00:42]} Rxa8 {[%emt 0:00:13]} 17. f4 {[%emt 0:00:27]} Qh5 {[%emt 0:00:31]} 18. f5 {[%emt 0:00:22]} f6 {[%emt 0:00:44]} 19. Rf4 {[%emt 0:00:32]} Bd1 {[%emt 0:02:40]} 20. Qf2 {[%emt 0:02:12]} c6 {[%emt 0:01:49]} 21. Rh4 {[%emt 0:01:18]} Qe2 {[%emt 0:01:25]} 22. Qxe2 {[%emt 0:00:18]} Bxe2 {[%emt 0:00:12]} 23. Re1 {[%emt 0:00:13]} Bxd3 {[%emt 0:01:03]} 24. cxd3 {[%emt 0:00:09]} Re8 {[%emt 0:00:21]} 25. Rf1 {[%emt 0:00:12]} d5 {[%emt 0:00:19]} 26. exd5 {[%emt 0:00:12]} cxd5 {[%emt 0:00:05]} 27. Rxd4 {[%emt 0:00:06]} Re2 {[%emt 0:00:18]} 28. Rxd5 {[%emt 0:00:19]} Rxb2 {[%emt 0:00:13]} 29. Rd7 {[%emt 0:00:09]} a5 {[%emt 0:00:15]} 30. Re1 {[%emt 0:00:13]} b5 {[%emt 0:00:10]} 31. Ree7 {[%emt 0:00:08]} Kf8 {[%emt 0:00:26]} 32. Rxg7 {[%emt 0:00:16]} b4 {[%emt 0:00:19]} 33. axb4 {[%emt 0:00:17]} axb4 {[%emt 0:00:03]} 34. Rb7 {[%emt 0:00:08]} b3 {[%emt 0:00:19]} 35. Rgc7 {[%emt 0:00:08]} Rb1+ {[%emt 0:00:29]} 36. Kh2 {[%emt 0:00:08]} Re1 {[%emt 0:00:10]} 37. Rc8+ {[%emt 0:00:11]} Re8 {[%emt 0:00:09]} 38. Rxe8+ {[%emt 0:00:09]} Kxe8 {[%emt 0:00:12]} 39. Rxb3 {[%emt 0:00:06]} Kd7 {[%emt 0:00:07]} 40. Kg3 {[%emt 0:00:11]} Kd6 {[%emt 0:00:21]} 41. Rb6+ {[%emt 0:00:16]} Ke5 {[%emt 0:00:11]} 42. Kg4 {[%emt 0:00:27]} h5+ {[%emt 0:00:12]} 43. Kxh5 {[%emt 0:00:07]} Kxf5 {[%emt 0:00:24]} 44. g4+ {[%emt 0:00:12]} Ke5 {[%emt 0:00:15]} 45. Rb5+ {[%emt 0:00:08]} Ke6 {[%emt 0:00:14]} 46. Rf5 {[%emt 0:00:11]} Kf7 {[%emt 0:00:22]} 47. g5 {[%emt 0:00:08]} Kg7 {[%emt 0:00:08]} 48. Rxf6 {[%emt 0:00:16]} Kh7 {[%emt 0:00:12]} 49. Rf7+ {[%emt 0:00:39]} Kh8 {[%emt 0:00:10]} 50. Kg6 {[%emt 0:00:09]} Kg8 {[%emt 0:00:18]} 51. d4 {[%emt 0:00:06]} Kh8 {[%emt 0:00:16]} 52. Rf8# {[%emt 0:00:06]} 1-0

[Event "Kerkinitida 2021"]
[Site "Yevpatoria"]
[Date "2021.10.21"]
[Round "3.8"]
[White "Aryslanov, Leonidas"]
[Black "Cherunov, Svyatoslav"]
[Result "0-1"]
[WhiteElo "1121"]
[BlackElo "1240"]
[Annotator "NA"]
[PlyCount "72"]
[EventDate "2021.10.19"]
[EventType "swiss"]
[SourceTitle "playchess.com"]
[Source "ChessBase"]
[SourceQuality "1"]
[TimeControl "5400+30"]

1. e4 {[%emt 0:00:40]} c5 {[%emt 0:00:00]} 2. Nf3 {[%emt 0:02:09]} Nc6 {[%emt 0:00:16]} 3. c3 {[%emt 0:00:55]} e5 {[%emt 0:00:17]} 4. Bb5 {[%emt 0:00:48]} d6 {[%emt 0:00:57]} 5. d4 {[%emt 0:01:05]} Bd7 {[%emt 0:00:47]} 6. dxe5 {[%emt 0:01:18]} Nxe5 {[%emt 0:00:51]} 7. Bxd7+ {[%emt 0:00:49]} Nxd7 {[%emt 0:00:32]} 8. O-O {[%emt 0:00:45]} Ngf6 {[%emt 0:00:16]} 9. Bg5 {[%emt 0:01:08]} Be7 {[%emt 0:00:15]} 10. Re1 {[%emt 0:01:35]} O-O {[%emt 0:00:21]} 11. c4 {[%emt 0:01:04]} h6 {[%emt 0:00:29]} 12. Bf4 {[%emt 0:01:00]} Nb6 {[%emt 0:00:31]} 13. b3 {[%emt 0:01:40]} Nh5 {[%emt 0:00:27]} 14. Bd2 {[%emt 0:02:40]} Bf6 {[%emt 0:01:02]} 15. Nc3 {[%emt 0:00:33]} Re8 {[%emt 0:01:30]} 16. g4 {[%emt 0:02:00]} Nf4 {[%emt 0:01:03]} 17. Qc2 {[%emt 0:03:50]} Nh3+ {[%emt 0:01:09]} 18. Kg2 {[%emt 0:01:08]} Ng5 {[%emt 0:00:34]} 19. Nxg5 {[%emt 0:01:51]} Bxg5 {[%emt 0:00:07]} 20. f4 {[%emt 0:00:37]} Bf6 {[%emt 0:02:12]} 21. Rad1 {[%emt 0:01:07]} g5 {[%emt 0:00:20]} 22. fxg5 {[%emt 0:02:32]} Bxg5 {[%emt 0:00:16]} 23. e5 {[%emt 0:01:31]} dxe5 {[%emt 0:02:11]} 24. Bxg5 {[%emt 0:00:58]} Qxg5 {[%emt 0:00:29]} 25. Kg3 {[%emt 0:00:25]} h5 {[%emt 0:01:45]} 26. h3 {[%emt 0:01:22]} hxg4 {[%emt 0:02:05]} 27. h4 {[%emt 0:00:54]} Qf4+ {[%emt 0:00:35]} 28. Kg2 {[%emt 0:00:51]} Rad8 {[%emt 0:01:30]} 29. Rf1 {[%emt 0:00:39]} Qh6 {[%emt 0:01:07]} 30. Ne4 {[%emt 0:01:29]} Kg7 {[%emt 0:06:00]} 31. Nf6 {[%emt 0:02:11]} Rh8 {[%emt 0:04:51]} 32. Rxd8 {[%emt 0:12:02]} Rxd8 {[%emt 0:00:37]} 33. Qf5 {[%emt 0:00:39]} Rd2+ {[%emt 0:02:10]} 34. Kg3 {[%emt 0:02:23]} Qe3+ {[%emt 0:01:06]} 35. Kxg4 {[%emt 0:00:52]} Rg2+ {[%emt 0:00:19]} 36. Kh5 {[%emt 0:00:40]} Qh6# {[%emt 0:00:13]} 0-1